[Event "Tamil Nadu IM 14th"]
[Site "Chennai"]
[Date "2024.01.18"]
[Round "5"]
[White "Lokesh, N1."]
[Black "Borgaonkar, Akshay"]
[Result "1/2-1/2"]
[WhiteElo "2140"]
[BlackElo "2206"]
[PlyCount "169"]
[EventDate "2024.01.16"]
[EventType "tourn"]
[EventRounds "9"]
[EventCountry "IND"]
[SourceTitle "CB04_2024"]
[SourceDate "2023.10.16"]
[SourceVersion "1"]
[SourceVersionDate "2023.10.16"]
[SourceQuality "1"]

1. e4 c5 2. Nf3 e6 3. d4 cxd4 4. Nxd4 Nc6 5. Nc3 Qc7 6. a3 a6 7. Be2 Nf6 8. f4 d6 9. Be3 Be7 10. 0-0 0-0 11. Qe1 Nxd4 12. Bxd4 b5 13. Qg3 Bb7 14. Rae1 Rad8 15. Bd3 e5 16. fxe5 dxe5 17. Bxe5 Qc5+ 18. Kh1 Nh5 19. Qh3 Qxe5 20. Rf5 Qd4 21. Rxh5 g6 22. Rxh7 Qe5 23. Rf1 Bg5 24. Rh4 Bxh4 25. Qxh4 Kg7 26. Kg1 Rfe8 27. Qf4 Qd4+ 28. Qf2 Re5 29. Qxd4 Rxd4 30. Kf2 Bc6 31. b4 f6 32. Ke3 Rd8 33. h4 Ra8 34. Kd4 Rh8 35. g3 g5 36. hxg5 Rxg5 37. Ne2 Re8 38. Nf4 Rge5 39. g4 Rd8+ 40. Ke3 Rd6 41. Nh5+ Kg6 42. Nf4+ Kg7 43. Nh5+ Kg6 44. Ng3 Rd8 45. Rh1 Rde8 46. Kf4 Bb7 47. Rh2 Bc8 48. Rh1 Bb7 49. Rh2 Bc8 50. Nf5 Bxf5 51. exf5+ Kg7 52. g5 fxg5+ 53. Kxg5 Rd5 54. Rh6 Re1 55. Rxa6 Rg1+ 56. Kf4 Re1 57. Rb6 Rd4+ 58. Kf3 Ra1 59. Ke3 Rh4 60. Rxb5 Rxa3 61. Rb6 Ra4 62. b5 Rab4 63. Rc6 Rh1 64. f6+ Kh6 65. Rc8 Rh3+ 66. Ke2 Rh2+ 67. Kf3 Kg5 68. c4 Kxf6 69. Ke4 Ke6 70. Kd4 Rb3 71. Rc6+ Ke7 72. Be4 Rh4 73. b6 Rb1 74. Rc7+ Kd8 75. Rc6 Rd1+ 76. Ke5 Re1 77. Rd6+ Ke7 78. Re6+ Kd7 79. Rd6+ Ke7 80. Rd4 Rh6 81. b7 Rb6 82. Kf4 Rf1+ 83. Ke5 Re1 84. Kf4 Rf1+ 85. Ke5 1/2-1/2

[Event "Titled Tuesday intern op 08th Aug Early"]
[Site "Chess.com INT"]
[Date "2023.08.08"]
[Round "11"]
[White "Zemlyanskii, Ivan"]
[Black "Borgaonkar, Akshay"]
[Result "1-0"]
[WhiteElo "2362"]
[BlackElo "2076"]
[PlyCount "63"]
[EventDate "2023.08.08"]
[EventType "swiss (blitz)"]
[EventRounds "11"]
[EventCountry "USA"]
[SourceTitle "EXT 2024"]
[Source "ChessBase"]
[SourceDate "2023.10.10"]
[SourceVersion "1"]
[SourceVersionDate "2023.10.10"]
[SourceQuality "1"]

1. d4 Nf6 2. c4 g6 3. h4 Bg7 4. Nc3 d6 5. e4 Nc6 6. Be2 0-0 7. d5 Ne5 8. Nf3 c6 9. Nxe5 dxe5 10. Be3 h5 11. f3 cxd5 12. cxd5 Ne8 13. Qb3 Nd6 14. 0-0-0 Bd7 15. g4 hxg4 16. fxg4 Rc8 17. Kb1 b5 18. h5 Nc4 19. Bxc4 Rxc4 20. h6 Bf6 21. g5 Bh8 22. h7+ Kg7 23. d6 Be6 24. dxe7 Qxe7 25. Qxb5 Qc7 26. Nd5 Bxd5 27. exd5 Rb8 28. d6 Rxb5 29. dxc7 Rxc7 30. Rd8 Rb8 31. Rxb8 Rc8 32. Rxc8 1-0

[Event "Titled Tuesday intern op 01st Aug Early"]
[Site "Chess.com INT"]
[Date "2023.08.01"]
[Round "5"]
[White "Borgaonkar, Akshay"]
[Black "Herman, Daniel"]
[Result "0-1"]
[WhiteElo "2076"]
[BlackElo "1928"]
[PlyCount "110"]
[EventDate "2023.08.01"]
[EventType "swiss (blitz)"]
[EventRounds "11"]
[EventCountry "USA"]
[SourceTitle "EXT 2024"]
[Source "ChessBase"]
[SourceDate "2023.10.10"]
[SourceVersion "1"]
[SourceVersionDate "2023.10.10"]
[SourceQuality "1"]

1. d4 Nf6 2. Nc3 d5 3. Bf4 e6 4. Nb5 Na6 5. e3 Be7 6. Nf3 0-0 7. Ne5 c6 8. Nc3 c5 9. Bxa6 bxa6 10. Nc6 Qd7 11. Nxe7+ Qxe7 12. 0-0 Bd7 13. Qe2 cxd4 14. exd4 Qb4 15. Qe3 Qxb2 16. Qd3 Rfc8 17. Bd2 Bb5 18. Nxb5 Qxb5 19. Qg3 Ne4 20. Qf4 Rxc2 21. Be3 h6 22. Rab1 Qc6 23. f3 Nc3 24. Kh1 Nxb1 25. Rxb1 Rc8 26. h4 Qc4 27. Qg3 Qe2 28. Bxh6 g6 29. h5 Qd3 30. Rb7 Qf5 31. hxg6 Qh5+ 32. Kg1 Qxg6 33. Qxg6+ fxg6 34. Rxa7 Rxa2 35. Rg7+ Kh8 36. Rxg6 Kh7 37. Rxe6 Rcc2 38. Be3 Rxg2+ 39. Kh1 Rh2+ 40. Kg1 Rag2+ 41. Kf1 Ra2 42. Kg1 Rhb2 43. Re7+ Kg6 44. Rc7 Rb1+ 45. Bc1 Raa1 46. Rc6+ Kf5 47. Kf2 Rxc1 48. Rd6 Rc3 49. Kg3 Raa3 50. Rxd5+ Kf6 51. Rd6+ Ke7 52. Rh6 Rxf3+ 53. Kg4 Rf1 54. d5 Ra2 55. Kg3 Ra5 0-1

[Event "Titled Tuesday intern op 01st Aug Early"]
[Site "Chess.com INT"]
[Date "2023.08.01"]
[Round "3"]
[White "Krzywda, Andrzej"]
[Black "Borgaonkar, Akshay"]
[Result "0-1"]
[WhiteElo "2210"]
[BlackElo "2076"]
[PlyCount "68"]
[EventDate "2023.08.01"]
[EventType "swiss (blitz)"]
[EventRounds "11"]
[EventCountry "USA"]
[SourceTitle "EXT 2024"]
[Source "ChessBase"]
[SourceDate "2023.10.10"]
[SourceVersion "1"]
[SourceVersionDate "2023.10.10"]
[SourceQuality "1"]

1. e4 c5 2. Nf3 e6 3. d4 cxd4 4. Nxd4 Nc6 5. Bf4 d6 6. Nxc6 bxc6 7. c4 e5 8. Be3 Nf6 9. Nc3 Be6 10. Be2 Be7 11. 0-0 Rb8 12. Qc2 0-0 13. b3 a5 14. Rfd1 Qc7 15. Rac1 Nd7 16. Na4 f5 17. exf5 Bxf5 18. Bd3 Bxd3 19. Qxd3 Nf6 20. Qe2 Qd7 21. Bc5 Qe6 22. Ba3 Ng4 23. f3 Nf6 24. Rc2 Nh5 25. Bc1 Qg6 26. Be3 Bg5 27. Bxg5 Qxg5 28. Rxd6 Nf4 29. Qf1 e4 30. Kh1 exf3 31. Qxf3 Nh3 32. Qd1 Nf2+ 33. Rxf2 Rxf2 34. Rd8+ Rxd8 0-1

[Event "Titled Tuesday intern op 18th Jul Early"]
[Site "Chess.com INT"]
[Date "2023.07.18"]
[Round "3"]
[White "Borgaonkar, Akshay"]
[Black "Shimanov, Aleksandr"]
[Result "1-0"]
[WhiteElo "2076"]
[BlackElo "2566"]
[PlyCount "97"]
[EventDate "2023.07.18"]
[EventType "swiss (blitz)"]
[EventRounds "11"]
[EventCountry "USA"]
[SourceTitle "EXT 2024"]
[Source "ChessBase"]
[SourceDate "2023.10.10"]
[SourceVersion "1"]
[SourceVersionDate "2023.10.10"]
[SourceQuality "1"]

1. e4 e6 2. d3 d5 3. Nd2 c5 4. Ngf3 Nc6 5. g3 Nf6 6. Bg2 Be7 7. 0-0 0-0 8. Re1 Qc7 9. Qe2 b5 10. e5 Nd7 11. Nf1 Bb7 12. h4 Rfc8 13. Bf4 Qd8 14. h5 h6 15. g4 Nf8 16. Qd2 Nh7 17. Ng3 b4 18. Kh2 a5 19. Rg1 a4 20. Bh3 Ng5 21. Nxg5 hxg5 22. Bxg5 Bxg5 23. f4 Nxe5 24. Raf1 Nxg4+ 25. Bxg4 Bh6 26. Qe2 Qh4+ 27. Bh3 Re8 28. Qe5 Rad8 29. Qc7 Qe7 30. Qe5 f6 31. Qe1 f5 32. Qe5 Qd6 33. Qe3 d4 34. Qf2 Kh8 35. Bg2 Bd5 36. Bxd5 Qxd5 37. Re1 Qxa2 38. Re5 Qxb2 39. Rge1 b3 40. R1e2 bxc2 41. Rxc2 Qb3 42. Rce2 Qxd3 43. Nxf5 Qc4 44. Nxh6 gxh6 45. f5 d3 46. R2e4 Rd4 47. Qf4 Qc2+ 48. Kh3 Rg8 49. Qxh6# 1-0